Countries of Europe That Start With a Vowel - Statistics

General Stats
  • This quiz has been taken 66 times
  • The average score is 8 of 9
Answer Stats
Answer % Correct
Estonia
98%
Iceland
97%
United Kingdom
97%
Albania
95%
Ireland
95%
Ukraine
95%
Andorra
92%
Italy
86%
Austria
78%
No matching quizzes found
Score Distribution
Percent of People with Each Score
Percentile by Number Answered
Your Score History
You have not taken this quiz